[Event "85th Masters"]
[Site "Hastings ENG"]
[Date "2010.01.05"]
[Round "9"]
[White "Hebden, M."]
[Black "Istratescu, A."]
[Result "1/2-1/2"]
[WhiteElo "2522"]
[BlackElo "2624"]
[PlyCount "22"]
[EventDate "2009.12.28"]

1. d4 d5 2. Nf3 Nf6 3. c4 c6 4. e3 Bf5 5. cxd5 cxd5 6. Qb3 Bc8 7. Nc3 e6 8. Bd2
Be7 9. Rc1 O-O 10. Bd3 Nc6 11. O-O Qb6 1/2-1/2

[Event "85th Masters"]
[Site "Hastings ENG"]
[Date "2010.01.05"]
[Round "9"]
[White "Gormally, D."]
[Black "Drozdovskij, Y."]
[Result "1/2-1/2"]
[WhiteElo "2479"]
[BlackElo "2625"]
[PlyCount "51"]
[EventDate "2009.12.28"]

1. d4 e6 2. Nf3 d5 3. c4 Nf6 4. g3 dxc4 5. Qa4+ c6 6. Qxc4 b5 7. Qd3 Bb7 8. Bg2
Nbd7 9. O-O a6 10. a4 c5 11. axb5 Be4 12. Qd1 axb5 13. Rxa8 Qxa8 14. Nbd2 Bd5
15. dxc5 Bxc5 16. Nb3 Bb6 17. Nbd4 b4 18. Nc2 Qa4 19. Ne3 Bb3 20. Qd3 O-O 21.
Nd2 Nc5 22. Qd6 Qa7 23. Qf4 Qa4 24. Qd6 Qa7 25. Qf4 Qa4 26. Qd6 1/2-1/2

[Event "85th Masters"]
[Site "Hastings ENG"]
[Date "2010.01.05"]
[Round "9"]
[White "Hracek, Z."]
[Black "Howell, D."]
[Result "0-1"]
[WhiteElo "2624"]
[BlackElo "2597"]
[PlyCount "120"]
[EventDate "2009.12.28"]

1. e4 e5 2. Nf3 Nc6 3. Bb5 a6 4. Ba4 Nf6 5. O-O Be7 6. d3 b5 7. Bb3 O-O 8. a4
b4 9. Nbd2 d6 10. a5 Be6 11. Nc4 Qc8 12. h3 h6 13. Be3 Rb8 14. Nfd2 Nh7 15. Ba4
Nd8 16. f4 exf4 17. Bxf4 f5 18. exf5 Bxf5 19. Qe2 Ne6 20. Be3 Kh8 21. Nb3 Bg6
22. Rxf8+ Nhxf8 23. Nd4 Nxd4 24. Bxd4 Ne6 25. Ba7 Ra8 26. Be3 Bf6 27. Bc6 Nd4
28. Bxd4 Bxd4+ 29. Kh1 Rb8 30. Rf1 Bf6 31. Qe3 Qd8 32. Qa7 b3 33. cxb3 Rxb3 34.
Re1 d5 35. Ne5 Bxe5 36. Rxe5 Rxd3 37. Qc5 Qf6 38. Rxd5 Qf1+ 39. Qg1 Rxh3+ 40.
gxh3 Qxh3+ 41. Qh2 Qf1+ 42. Qg1 Be4+ 43. Kh2 Qe2+ 44. Kh3 Bxd5 45. Bxd5 Qh5+
46. Kg3 Qxd5 47. Qa7 Qb3+ 48. Kg4 Qc4+ 49. Kg3 Kh7 50. b4 h5 51. b5 Qxb5 52.
Qxc7 Qg5+ 53. Kh2 h4 54. Qc4 Qg3+ 55. Kh1 Qf3+ 56. Kh2 h3 57. Qc2+ Kh6 58. Qc1+
Kh5 59. Qc5+ g5 60. Qc2 Qg2+ 0-1

[Event "85th Masters"]
[Site "Hastings ENG"]
[Date "2010.01.05"]
[Round "9"]
[White "Ansell, S."]
[Black "Edouard, R."]
[Result "0-1"]
[WhiteElo "2387"]
[BlackElo "2620"]
[PlyCount "80"]
[EventDate "2009.12.28"]

1. e4 c5 2. Nf3 d6 3. Bc4 Nf6 4. d3 Nc6 5. a3 g6 6. O-O Bg7 7. Re1 O-O 8. h3 d5
9. exd5 Nxd5 10. Nbd2 b6 11. Ba2 Bb7 12. Nc4 Qc7 13. Rb1 Rad8 14. Bg5 Nf4 15.
Ncd2 h6 16. Bh4 Kh8 17. Re4 f5 18. Rxf4 Qxf4 19. Bg3 Qa4 20. b4 Qxa3 21. Bb3 b5
22. Qe1 Qa6 23. bxc5 Ba8 24. Qe6 Rf6 25. Qe2 Rff8 26. Qe6 Rf6 27. Qe2 Qb7 28.
c3 e5 29. Bh4 g5 30. Ne4 gxh4 31. Nxf6 Bxf6 32. Be6 Ne7 33. d4 Qc6 34. d5 Nxd5
35. Bxf5 Nf4 36. Qe3 Rg8 37. Bg4 Qe4 38. Rxb5 Nxh3+ 39. Bxh3 Qxe3 40. fxe3 Bxf3
0-1

[Event "85th Masters"]
[Site "Hastings ENG"]
[Date "2010.01.05"]
[Round "9"]
[White "Arkell, K."]
[Black "Strunski, A."]
[Result "1/2-1/2"]
[WhiteElo "2464"]
[BlackElo "2386"]
[PlyCount "153"]
[EventDate "2009.12.28"]

1. d4 Nf6 2. Nf3 g6 3. c4 Bg7 4. g3 c6 5. Bg2 d5 6. Nbd2 O-O 7. O-O Ne4 8. e3
f5 9. b3 Nd7 10. Bb2 b6 11. Rc1 h6 12. Qc2 Ba6 13. Rfd1 e6 14. b4 Rc8 15. a4
Bb7 16. Qb3 a6 17. b5 axb5 18. axb5 cxb5 19. Qxb5 Rf7 20. cxd5 Bxd5 21. Nxe4
Bxe4 22. Nd2 Bxg2 23. Kxg2 Rxc1 24. Rxc1 Qa8+ 25. Qc6 Qa2 26. Nc4 Nf8 27. Ba3
b5 28. Qxb5 g5 29. Bxf8 Rxf8 30. Qc6 Qa8 31. Nb6 Qxc6+ 32. Rxc6 Kf7 33. Rc7+
Kg6 34. Nd7 Rd8 35. Nc5 Rd6 36. Nd3 Bf6 37. h3 h5 38. h4 gxh4 39. gxh4 Ra6 40.
Kg3 Kh6 41. Rf7 Kg6 42. Rb7 Kh6 43. Nf4 e5 44. dxe5 Bxe5 45. Rb5 Re6 46. Kf3
Bxf4 47. Kxf4 Re4+ 48. Kxf5 Rxh4 49. Rb6+ Kg7 50. Kg5 Rh2 51. Rb7+ Kg8 52. f4
h4 53. Kg4 h3 54. Rb1 Re2 55. Kf3 Ra2 56. Rb5 h2 57. Rh5 Kf7 58. Kg3 Re2 59.
Kf3 Ra2 60. e4 Kg6 61. Rh8 Kg7 62. Rh4 Kg6 63. Rh8 Kg7 64. Rh4 Kg6 65. Kg3 Re2
66. e5 Re3+ 67. Kg4 Re2 68. Kf3 Ra2 69. Kg4 Rg2+ 70. Kf3 Ra2 71. Kg3 Ra3+ 72.
Kg4 Ra2 73. f5+ Kg7 74. Rh5 Rf2 75. Kg5 Rg2+ 76. Kf4 Re2 77. Rh3 1/2-1/2

[Event "85th Masters"]
[Site "Hastings ENG"]
[Date "2010.01.05"]
[Round "9"]
[White "Zdebskaja, N."]
[Black "Eames, R."]
[Result "1-0"]
[WhiteElo "2408"]
[BlackElo "2276"]
[PlyCount "65"]
[EventDate "2009.12.28"]

1. e4 c5 2. Nf3 Nc6 3. Nc3 Nf6 4. Bb5 Qc7 5. O-O Nd4 6. Re1 a6 7. Bf1 Ng4 8. g3
Nxf3+ 9. Qxf3 Ne5 10. Qd1 e6 11. b3 d6 12. Bb2 g5 13. Bg2 g4 14. d4 cxd4 15.
Qxd4 Bg7 16. Qd2 O-O 17. Rad1 Rd8 18. Ne2 b5 19. Nf4 Nf3+ 20. Bxf3 Bxb2 21. c4
Be5 22. Bxg4 bxc4 23. bxc4 Rb8 24. Nh5 Kh8 25. Qh6 f6 26. c5 Rb2 27. cxd6 Qa7
28. Re2 Rxe2 29. Bxe2 Qf7 30. Rc1 f5 31. Rc7 Bd7 32. Qd2 fxe4 33. Qg5 1-0

[Event "85th Masters"]
[Site "Hastings ENG"]
[Date "2010.01.05"]
[Round "9"]
[White "Mitchell, M."]
[Black "Martin, Andrew"]
[Result "0-1"]
[WhiteElo "2195"]
[BlackElo "2423"]
[PlyCount "82"]
[EventDate "2009.12.28"]

1. d4 Nf6 2. c4 e6 3. Nc3 Bb4 4. e3 b6 5. Nge2 Ba6 6. a3 Bxc3+ 7. Nxc3 d5 8. b3
O-O 9. a4 Nc6 10. Ba3 Re8 11. Be2 dxc4 12. bxc4 Na5 13. Nb5 Nb7 14. Bb2 c6 15.
Na3 Rc8 16. Nb5 Na5 17. Na3 c5 18. Rc1 cxd4 19. exd4 Re7 20. O-O Rd7 21. Nb5
Bb7 22. Qd3 a6 23. Na3 Be4 24. Qe3 Bg6 25. c5 Nd5 26. Qg3 Ra8 27. Nc4 Nxc4 28.
Bxc4 Ne7 29. Qc3 Nd5 30. Bxd5 Rxd5 31. c6 Qc7 32. Rfe1 Rc8 33. Re5 Rxe5 34.
dxe5 Be4 35. Ba3 Bxc6 36. Bd6 Qb7 37. f3 Bd7 38. Bc7 Bxa4 39. Qd4 Be8 40. Qd6
h6 41. Rc3 a5 0-1

[Event "85th Masters"]
[Site "Hastings ENG"]
[Date "2010.01.05"]
[Round "9"]
[White "Philippe, C."]
[Black "Snape, I."]
[Result "0-1"]
[WhiteElo "2430"]
[BlackElo "2176"]
[PlyCount "65"]
[EventDate "2009.12.28"]

1. e4 c5 2. Nf3 d6 3. d4 cxd4 4. Nxd4 Nf6 5. Nc3 g6 6. Bc4 Bg7 7. O-O O-O 8.
Re1 Nc6 9. Bb3 Bd7 10. Bg5 Nxd4 11. Qxd4 h6 12. Bh4 g5 13. Bg3 Nh5 14. Qe3 Nxg3
15. hxg3 b5 16. Rad1 a5 17. a3 Rb8 18. f4 b4 19. axb4 axb4 20. Ne2 Qb6 21. Nd4
Bg4 22. Rd3 Bxd4 23. Qxd4 Qxd4+ 24. Rxd4 Be6 25. Ba4 Rb6 26. Kf2 Ra6 27. b3 Rc8
28. Rd2 Rc5 29. Re3 Bg4 30. Red3 Rc7 31. Rd4 f5 32. e5 dxe5 33. fxe5 0-1

[Event "85th Masters"]
[Site "Hastings ENG"]
[Date "2010.01.05"]
[Round "9"]
[White "Demac, E."]
[Black "Greet, A."]
[Result "0-1"]
[WhiteElo "2084"]
[BlackElo "2423"]
[PlyCount "102"]
[EventDate "2009.12.28"]

1. d4 Nf6 2. Nf3 e6 3. c4 Bb4+ 4. Bd2 Qe7 5. g3 Nc6 6. Bg2 Bxd2+ 7. Nbxd2 d6 8.
O-O O-O 9. a3 a5 10. Qc2 e5 11. d5 Nb8 12. Ne1 Na6 13. Rb1 Bg4 14. f3 Bd7 15.
e4 c6 16. b4 cxd5 17. b5 Nc7 18. exd5 Rac8 19. Qd3 Qd8 20. f4 exf4 21. gxf4 Na8
22. Kh1 Qb6 23. Nc2 Rfe8 24. Nd4 Qc5 25. Rbc1 Nb6 26. N4b3 Qxa3 27. Ra1 Qb4 28.
Nxa5 Rc7 29. Qd4 Na4 30. b6 Qxb6 31. Qxb6 Nxb6 32. Rfb1 Nc8 33. Rxb7 Rxb7 34.
Nxb7 Re2 35. Ra2 Re1+ 36. Nf1 Rb1 37. c5 Rxb7 38. c6 Ra7 39. cxd7 Nxd7 40. Rc2
Ne7 41. Kg1 g6 42. Ne3 Nf6 43. f5 g5 44. Rb2 Kg7 45. Rb6 Ra3 46. Nc4 Ra1+ 47.
Kf2 Ra2+ 48. Kg1 Nxf5 49. Nxd6 Nh4 50. Bf1 Nf3+ 51. Kh1 Rxh2# 0-1

[Event "85th Masters"]
[Site "Hastings ENG"]
[Date "2010.01.05"]
[Round "9"]
[White "Talsma, P."]
[Black "Hawkins, Jo"]
[Result "0-1"]
[WhiteElo "2252"]
[BlackElo "2383"]
[PlyCount "86"]
[EventDate "2009.12.28"]

1. d4 Nf6 2. c4 g6 3. Nc3 Bg7 4. Bg5 c5 5. Nf3 O-O 6. e3 d6 7. Be2 h6 8. Bh4 g5
9. Bg3 Nh5 10. dxc5 Nxg3 11. hxg3 dxc5 12. Qc2 e6 13. Rd1 Qe7 14. g4 Nc6 15.
Nd2 b6 16. Nde4 Bb7 17. a3 Rad8 18. O-O Be5 19. Rxd8 Rxd8 20. Rd1 Rxd1+ 21.
Qxd1 Na5 22. Bd3 Bxe4 23. Nxe4 Bxb2 24. a4 Nc6 25. Bb1 Be5 26. g3 Bg7 27. f4
Na5 28. Qd3 gxf4 29. gxf4 Qh4 30. g5 Nc6 31. gxh6 Bxh6 32. Qd2 Bg7 33. Ng5 Qg3+
34. Kf1 Bh6 35. Be4 Ne5 36. Nh7 f5 37. Nf6+ Kf7 38. fxe5 Qxe5 39. Ng4 Qxe4 40.
Nxh6+ Kg6 41. Nxf5 Qxc4+ 42. Ke1 Kxf5 43. Qf2+ Ke4 0-1

[Event "85th Masters"]
[Site "Hastings ENG"]
[Date "2010.01.05"]
[Round "9"]
[White "Giffard, N."]
[Black "Grant, D ENG."]
[Result "1/2-1/2"]
[WhiteElo "2351"]
[BlackElo "2020"]
[PlyCount "38"]
[EventDate "2009.12.28"]

1. d4 Nf6 2. c4 g6 3. Nc3 d5 4. Nf3 Bg7 5. cxd5 Nxd5 6. Qa4+ Nc6 7. e3 Nb6 8.
Qc2 O-O 9. Bb5 e5 10. Bxc6 exd4 11. Nxd4 Bxd4 12. exd4 bxc6 13. O-O Qxd4 14.
Rd1 Bf5 15. Qe2 Qh4 16. Qe5 Rfe8 17. Qxc7 Bc2 18. Rf1 Bd3 19. Rd1 Bc2 1/2-1/2

[Event "85th Masters"]
[Site "Hastings ENG"]
[Date "2010.01.05"]
[Round "9"]
[White "Maduekwe, C."]
[Black "Grant, A."]
[Result "0-1"]
[WhiteElo "2182"]
[BlackElo "2236"]
[PlyCount "63"]
[EventDate "2009.12.28"]

1. d4 Nf6 2. c4 e6 3. Nf3 Bb4+ 4. Bd2 Qe7 5. g3 Nc6 6. Nc3 Bxc3 7. Bxc3 Ne4 8.
Qc2 Nxc3 9. Qxc3 O-O 10. Bg2 a5 11. O-O d6 12. d5 Nb8 13. Rac1 Nd7 14. Ne1 Nc5
15. Nd3 Nxd3 16. exd3 e5 17. c5 Bf5 18. Be4 Bg4 19. cxd6 cxd6 20. Qc7 Qf6 21.
Rc3 Qh6 22. Rb3 f5 23. Bg2 Rf7 24. Qc1 f4 25. Re1 Bh3 26. d4 Rc8 27. Qd1 Bxg2
28. Kxg2 fxg3 29. hxg3 Rcf8 30. f3 Rf5 31. g4 Qg5 32. dxe5 0-1

[Event "85th Masters"]
[Site "Hastings ENG"]
[Date "2010.01.05"]
[Round "9"]
[White "Kjartansson, G."]
[Black "Ledger, D."]
[Result "1-0"]
[WhiteElo "2391"]
[BlackElo "2227"]
[PlyCount "101"]
[EventDate "2009.12.28"]

1. Nf3 Nf6 2. c4 g6 3. Nc3 Bg7 4. e4 d6 5. d4 O-O 6. Be2 e5 7. O-O Nc6 8. d5
Ne7 9. b4 Ne8 10. c5 h6 11. a4 f5 12. Nd2 g5 13. Ba3 Ng6 14. Nc4 Nf4 15. a5 Rf7
16. b5 b6 17. cxd6 cxd6 18. Bb4 Rb8 19. axb6 axb6 20. exf5 Bxf5 21. Ra6 e4 22.
Ne3 Bg6 23. Bg4 Nd3 24. Na2 Nc7 25. Be6 Nxb5 26. h4 gxh4 27. Qg4 Qg5 28. Bxf7+
Bxf7 29. Qxe4 Nxf2 30. Rxf2 Bd4 31. Bd2 Re8 32. Qd3 Rxe3 33. Qxb5 h3 34. Ra8+
Kg7 35. Qf1 Bxd5 36. Ra7+ Kg6 37. Bxe3 Bxe3 38. Kh2 Bxf2 39. Qxf2 hxg2 40. Kg1
Qh5 41. Qc2+ Kf6 42. Qc3+ Kf5 43. Qc8+ Kf4 44. Qf8+ Kg4 45. Rg7+ Kh4 46. Qd8+
Kh3 47. Qd7+ Kh4 48. Qe7+ Kh3 49. Qe3+ Bf3 50. Qf2 Qd5 51. Qg3# 1-0

[Event "85th Masters"]
[Site "Hastings ENG"]
[Date "2010.01.05"]
[Round "9"]
[White "Worek, J."]
[Black "Kolbus, D."]
[Result "1/2-1/2"]
[WhiteElo "2226"]
[BlackElo "2355"]
[PlyCount "118"]
[EventDate "2009.12.28"]

1. Nf3 c5 2. c4 Nc6 3. Nc3 e5 4. d3 d6 5. e3 f5 6. Be2 Nf6 7. O-O g6 8. Rb1 Bg7
9. a3 O-O 10. b4 b6 11. Nd5 h6 12. d4 cxd4 13. exd4 e4 14. Nxf6+ Qxf6 15. b5
Ne7 16. Nd2 d5 17. Bb2 Be6 18. cxd5 Bxd5 19. Bc4 Qf7 20. Qe2 Rad8 21. Rbc1 Rd7
22. f3 exf3 23. Nxf3 Bxc4 24. Rxc4 Qd5 25. a4 Rf7 26. Re1 f4 27. Qe6 g5 28.
Qxd5 Nxd5 29. h3 Rc7 30. Rec1 Rxc4 31. Rxc4 Rc7 32. Rxc7 Nxc7 33. Ba3 Nd5 34.
Bd6 Nc3 35. Bb8 Nxa4 36. Bxa7 Kf7 37. Kf2 Ke6 38. g3 Kd5 39. gxf4 gxf4 40. Bb8
Nc3 41. Bc7 Nxb5 42. Bxb6 Bxd4+ 43. Bxd4 Nxd4 44. Nd2 Ke5 45. Kg2 Kf5 46. Kf2
Kg5 47. Kg2 Kh4 48. Kh2 f3 49. Ne4 Nc2 50. Nd2 Ne1 51. Ne4 Nd3 52. Nd2 Ne5 53.
Ne4 h5 54. Nc5 Nc4 55. Ne4 Ne5 56. Nc5 Kg5 57. Kg3 h4+ 58. Kf2 Kf4 59. Ne6+ Kf5
1/2-1/2

[Event "85th Masters"]
[Site "Hastings ENG"]
[Date "2010.01.05"]
[Round "9"]
[White "Lock, G."]
[Black "Webb, L."]
[Result "1-0"]
[WhiteElo "2170"]
[BlackElo "2321"]
[PlyCount "103"]
[EventDate "2009.12.28"]

1. Nf3 Nc6 2. d4 d5 3. c4 e5 4. Nxe5 Nxe5 5. dxe5 d4 6. g3 Ne7 7. Nd2 Nc6 8.
Nf3 Be6 9. b3 Qd7 10. Bg2 Bb4+ 11. Bd2 Bxd2+ 12. Qxd2 O-O-O 13. O-O Bh3 14.
Rad1 Bxg2 15. Kxg2 Rhe8 16. Qf4 h6 17. h4 Re6 18. Rd3 f6 19. exf6 Rxf6 20. Qd2
a5 21. a3 Qd6 22. b4 axb4 23. axb4 Qxb4 24. Qxb4 Nxb4 25. Rxd4 Re8 26. e3 c5
27. Rf4 Rxf4 28. gxf4 Kc7 29. Rd1 Re7 30. h5 b5 31. cxb5 Kb6 32. Ne5 Kxb5 33.
Rc1 Rc7 34. Kf3 c4 35. Rxc4 Rxc4 36. Nxc4 Kxc4 37. Ke4 Nd5 38. Kf5 Nf6 39. Kg6
Nxh5 40. Kxh5 Kd3 41. Kg6 Ke4 42. f5 h5 43. Kxh5 Kxf5 44. f3 g5 45. e4+ Kf4 46.
e5 Kf5 47. Kh6 Kxe5 48. Kxg5 Ke6 49. f4 Ke7 50. Kg6 Kf8 51. Kf6 Kg8 52. Ke7 1-0

[Event "85th Masters"]
[Site "Hastings ENG"]
[Date "2010.01.05"]
[Round "9"]
[White "Sreeves, C."]
[Black "Prosviriakov, V."]
[Result "1/2-1/2"]
[WhiteElo "2061"]
[BlackElo "2311"]
[PlyCount "27"]
[EventDate "2009.12.28"]

1. e4 e5 2. Nf3 Nc6 3. Bb5 d6 4. d4 Bd7 5. Nc3 Nf6 6. O-O Be7 7. Re1 exd4 8.
Nxd4 O-O 9. Bxc6 bxc6 10. Qf3 Re8 11. Bg5 h6 12. Bh4 Nh7 13. Bxe7 Qxe7 14. Rad1
1/2-1/2

[Event "85th Masters"]
[Site "Hastings ENG"]
[Date "2010.01.05"]
[Round "9"]
[White "Getz, N."]
[Black "Furman, Bo"]
[Result "1/2-1/2"]
[WhiteElo "2270"]
[BlackElo "2223"]
[PlyCount "99"]
[EventDate "2009.12.28"]

1. e4 c5 2. c3 Nf6 3. e5 Nd5 4. Bc4 Nb6 5. Bb3 d5 6. exd6 Qxd6 7. Nf3 Be6 8.
O-O Bxb3 9. axb3 g6 10. Na3 Bg7 11. Nc4 Nxc4 12. bxc4 Nc6 13. b3 Qd3 14. Ba3 b6
15. Re1 O-O 16. Re3 Qd7 17. d4 cxd4 18. cxd4 Nxd4 19. Rxe7 Qd8 20. Ra2 Re8 21.
Rd2 Rxe7 22. Bxe7 Qxe7 23. Nxd4 Bxd4 24. Rxd4 Re8 25. Kf1 Qe5 26. g3 a5 27. Kg2
Kg7 28. Qd3 Re6 29. Rd5 Qb2 30. c5 bxc5 31. Rxc5 Rf6 32. Qe3 Re6 33. Qd3 Rf6
34. Rc2 Qe5 35. Re2 Qc5 36. Rc2 Qe5 37. f4 Rd6 38. Qc3 Qxc3 39. Rxc3 Rd2+ 40.
Kh3 h5 41. Rc5 Ra2 42. g4 hxg4+ 43. Kxg4 f5+ 44. Kg3 Ra3 45. Kg2 Rxb3 46. Rxa5
Kh6 47. Ra8 Rb2+ 48. Kg3 Rb3+ 49. Kg2 Rb2+ 50. Kg3 1/2-1/2

[Event "85th Masters"]
[Site "Hastings ENG"]
[Date "2010.01.05"]
[Round "9"]
[White "Marusenko, P."]
[Black "Williams, Pe"]
[Result "0-1"]
[WhiteElo "2264"]
[BlackElo "2012"]
[PlyCount "110"]
[EventDate "2009.12.28"]

1. d4 d5 2. c4 c6 3. Nf3 Nf6 4. Nc3 dxc4 5. e4 b5 6. e5 Nd5 7. a4 e6 8. axb5
Nxc3 9. bxc3 cxb5 10. Ng5 Bb7 11. Qh5 g6 12. Qg4 Bd5 13. Qf4 Qc7 14. Qf6 Rg8
15. Nxh7 Nd7 16. Qf4 Bg7 17. Ba3 Nxe5 18. dxe5 Qxe5+ 19. Qxe5 Bxe5 20. Bb4 g5
21. h4 g4 22. f4 gxf3 23. gxf3 Bxf3 24. Rh3 Bd5 25. Re3 Rg7 26. Rxe5 Rxh7 27.
Rg5 Kd7 28. h5 f6 29. Rg6 Rxh5 30. Rg7+ Kc8 31. Ra6 Re5+ 32. Kd2 Be4 33. Be7 f5
34. Bf6 Rd5+ 35. Ke3 Rd7 36. Rg6 Bd5 37. Bg2 Kb7 38. Bxd5+ exd5 39. Bd4 Re7+
40. Kf4 b4 41. Bc5 Re4+ 42. Kxf5 bxc3 43. Rad6 Rf8+ 44. Kg5 c2 45. Rg7+ Kc8 46.
Rc6+ Kd8 47. Rd6+ Ke8 48. Ba3 Re1 49. Kg6 Rg1+ 50. Kh7 Rxg7+ 51. Kxg7 Rf1 52.
Rxd5 c1=Q 53. Bxc1 Rxc1 54. Kf6 c3 55. Ke5 Re1+ 0-1

[Event "85th Masters"]
[Site "Hastings ENG"]
[Date "2010.01.05"]
[Round "9"]
[White "Griffiths, R."]
[Black "Addison, B."]
[Result "1-0"]
[WhiteElo "2148"]
[BlackElo "2258"]
[PlyCount "123"]
[EventDate "2009.12.28"]

1. e4 e5 2. Nf3 Nc6 3. d4 exd4 4. Nxd4 Nf6 5. Nxc6 bxc6 6. e5 Qe7 7. Qe2 Nd5 8.
c4 Ba6 9. b3 O-O-O 10. g3 g5 11. Bb2 Bg7 12. Bg2 Rde8 13. O-O Bxe5 14. Qxe5
Qxe5 15. Bxe5 Rxe5 16. cxd5 Bxf1 17. Kxf1 cxd5 18. Nc3 c6 19. Rc1 Kb8 20. Ne2
h5 21. Nd4 Rhe8 22. f4 gxf4 23. gxf4 Re3 24. Rd1 Rc3 25. Rd2 a5 26. Ne2 Rc5 27.
Kf2 Kc7 28. Bf3 Rh8 29. h4 a4 30. b4 Rc4 31. a3 Kb6 32. Ke3 f6 33. Kd3 Rh7 34.
Rd1 Rg7 35. Rh1 Rh7 36. Rg1 Rh6 37. Nd4 Kc7 38. Rg7 Rc1 39. Ne6+ Kc8 40. Rg8+
Kb7 41. Nc5+ Ka7 42. Rg7 Ra1 43. Rxd7+ Kb8 44. Kd4 Rxa3 45. Be2 f5 46. Ba6 Ra1
47. Rb7+ Ka8 48. Kc3 a3 49. Nd7 d4+ 50. Kb3 c5 51. Rb8+ Ka7 52. Rb7+ Ka8 53. b5
Rxa6 54. bxa6 Rb1+ 55. Kxa3 Rxb7 56. axb7+ Kxb7 57. Nxc5+ Kc6 58. Kb4 Kd5 59.
Kb5 d3 60. Nxd3 Ke4 61. Kc4 Kf3 62. Kd5 1-0

[Event "85th Masters"]
[Site "Hastings ENG"]
[Date "2010.01.05"]
[Round "9"]
[White "Foord, D."]
[Black "Kwiatkowski, F."]
[Result "1/2-1/2"]
[WhiteElo "2051"]
[BlackElo "2248"]
[PlyCount "81"]
[EventDate "2009.12.28"]

1. d4 Nf6 2. c4 e6 3. Nc3 Bb4 4. Qc2 O-O 5. a3 Bxc3+ 6. Qxc3 b6 7. Bg5 Bb7 8.
e3 d6 9. Ne2 Nbd7 10. Qd3 h6 11. Bh4 c5 12. d5 Ne5 13. Qc2 exd5 14. cxd5 Bxd5
15. Nc3 Bc6 16. e4 Ng6 17. Bxf6 Qxf6 18. O-O-O Rad8 19. f3 Nf4 20. Bc4 Ne6 21.
Nd5 Bxd5 22. Bxd5 Nd4 23. Qd2 Qf4 24. Kb1 Qxd2 25. Rxd2 Rfe8 26. Rc1 Re7 27. f4
Ne6 28. Rf1 Nc7 29. Bc6 Ne6 30. h4 Nd4 31. Bd5 Kf8 32. f5 Re5 33. g4 Ke7 34. g5
hxg5 35. hxg5 f6 36. gxf6+ Kxf6 37. Rg2 Re7 38. Rg6+ Ke5 39. Rg5 Kf6 40. Rg6+
Ke5 41. Rg5 1/2-1/2

[Event "85th Masters"]
[Site "Hastings ENG"]
[Date "2010.01.05"]
[Round "9"]
[White "Sugden, J."]
[Black "Jackson, J."]
[Result "1/2-1/2"]
[WhiteElo "2219"]
[BlackElo "2067"]
[PlyCount "57"]
[EventDate "2009.12.28"]

1. e4 c5 2. Nc3 Nc6 3. g3 g6 4. Bg2 Bg7 5. d3 d6 6. f4 e6 7. Nf3 Nge7 8. O-O
O-O 9. Bd2 b6 10. Rb1 Bb7 11. Qe2 Qd7 12. Nd1 f5 13. Nf2 Rae8 14. Bc3 fxe4 15.
Nxe4 Nf5 16. Bxg7 Kxg7 17. g4 Nfe7 18. g5 Ng8 19. Qd2 e5 20. fxe5 dxe5 21. Rbe1
Rf4 22. Rf2 Qc7 23. Ref1 Ref8 24. Ne1 Nd4 25. Rxf4 exf4 26. Nf3 Bxe4 27. Nxd4
cxd4 28. Bxe4 Qe5 29. h4 1/2-1/2

[Event "85th Masters"]
[Site "Hastings ENG"]
[Date "2010.01.05"]
[Round "9"]
[White "Williams, Si1"]
[Black "Green, An"]
[Result "1-0"]
[WhiteElo "2550"]
[BlackElo "2151"]
[PlyCount "55"]
[EventDate "2009.12.28"]

1. f4 g6 2. Nf3 Bg7 3. c4 d6 4. d4 Nf6 5. Nc3 O-O 6. e4 c5 7. d5 e6 8. e5 dxe5
9. fxe5 Ng4 10. Bg5 Qa5 11. Be2 Nxe5 12. Nxe5 Bxe5 13. O-O f6 14. Bh6 Rf7 15.
Ne4 Bd4+ 16. Qxd4 cxd4 17. Nxf6+ Kh8 18. Ne8 Rf5 19. g4 exd5 20. gxf5 Bxf5 21.
Bf3 dxc4 22. Bxb7 Qb5 23. Nd6 Qb6 24. Rae1 d3+ 25. Kh1 Nd7 26. Bxa8 Nf6 27.
Nxf5 gxf5 28. Rxf5 1-0

[Event "85th Masters"]
[Site "Hastings ENG"]
[Date "2010.01.05"]
[Round "9"]
[White "Goodger, M."]
[Black "Knott, S."]
[Result "0-1"]
[WhiteElo "2147"]
[BlackElo "2348"]
[PlyCount "100"]
[EventDate "2009.12.28"]

1. e4 e6 2. Nc3 d5 3. Nf3 Nf6 4. e5 Nfd7 5. d4 c5 6. dxc5 Nc6 7. Bf4 Bxc5 8.
Bd3 f6 9. exf6 Nxf6 10. Qe2 O-O 11. O-O-O Bd7 12. h4 Nb4 13. Ne5 Rc8 14. Nxd7
Qxd7 15. Bb5 Qf7 16. Be5 Nc6 17. Bxc6 Rxc6 18. Rh3 Qh5 19. f3 Nd7 20. Bd4 Bxd4
21. Rxd4 Qh6+ 22. Qd2 Qxd2+ 23. Kxd2 Nb6 24. f4 Rc4 25. Ne2 Rxd4+ 26. Nxd4 Rxf4
27. Nxe6 Rf2+ 28. Kd3 Rxg2 29. Nd8 Nc4 30. Nxb7 Nxb2+ 31. Kd4 Rxc2 32. Kxd5 Nc4
33. a3 Nb6+ 34. Kd6 h6 35. h5 Kh7 36. Nd8 Rd2+ 37. Ke7 Nd5+ 38. Kf7 Rf2+ 39.
Ke8 Nf6+ 40. Ke7 Rf5 41. Nc6 a6 42. a4 Nxh5 43. a5 Nf4 44. Rb3 h5 45. Rb6 h4
46. Rxa6 h3 47. Rb6 Nd5+ 48. Ke6 Nxb6 49. Kxf5 Nc4 50. Ne5 Nxe5 0-1

[Event "85th Masters"]
[Site "Hastings ENG"]
[Date "2010.01.05"]
[Round "9"]
[White "Hansen, Vi"]
[Black "Rudd, J."]
[Result "0-1"]
[WhiteElo "2113"]
[BlackElo "2296"]
[PlyCount "64"]
[EventDate "2009.12.28"]

1. e4 d6 2. d4 g6 3. Nc3 Bg7 4. Nge2 a6 5. a4 b6 6. g3 Bb7 7. Bg2 e6 8. O-O Ne7
9. Be3 Nd7 10. Qd2 h6 11. f4 d5 12. exd5 exd5 13. f5 gxf5 14. Nf4 Nf6 15. Qe2
h5 16. Bf3 h4 17. Nh5 Nxh5 18. Bxh5 hxg3 19. hxg3 Qd6 20. Bf4 Bxd4+ 21. Kg2 Qf6
22. Bxc7 Kd7 23. Bf4 Rag8 24. Rae1 Bc5 25. Be5 d4+ 26. Bf3 f4 27. Rh1 Rxg3+ 28.
Kf1 Rxh1+ 29. Bxh1 Qg5 30. Ne4 Rg1+ 31. Kf2 Bxe4 32. Rxg1 d3+ 0-1

[Event "85th Masters"]
[Site "Hastings ENG"]
[Date "2010.01.05"]
[Round "9"]
[White "Druckenthaner, A."]
[Black "De Coverly, R."]
[Result "1/2-1/2"]
[WhiteElo "2296"]
[BlackElo "2109"]
[PlyCount "116"]
[EventDate "2009.12.28"]

1. e4 e5 2. Nf3 Nc6 3. Bb5 a6 4. Ba4 Nf6 5. O-O Be7 6. Re1 b5 7. Bb3 O-O 8. d3
d6 9. c3 Na5 10. Bc2 c5 11. Nbd2 Qc7 12. Nf1 Re8 13. Ng3 h6 14. Nh4 d5 15. Nhf5
dxe4 16. dxe4 Be6 17. Qf3 Nc4 18. Nf1 Rad8 19. b3 Nd6 20. Nxe7+ Qxe7 21. Qg3
Bg4 22. f3 Bc8 23. Bxh6 Nh5 24. Qg5 Qxg5 25. Bxg5 f6 26. Be3 c4 27. Rad1 cxb3
28. Bxb3+ Nc4 29. g4 Nf4 30. Bxf4 exf4 31. Rd4 Be6 32. Bxc4 Bxc4 33. Nd2 Bf7
34. Nb3 Rc8 35. Rc1 Rc7 36. Rd6 Ra8 37. Nd4 b4 38. Rc6 Rxc6 39. Nxc6 bxc3 40.
a3 Kf8 41. Nd4 Rc8 42. Ne2 c2 43. Nxf4 g5 44. Ne2 Bb3 45. Nd4 Ba4 46. Kf2 Rc3
47. Ke2 Rxa3 48. Kd2 Ke7 49. Re1 Kd6 50. e5+ fxe5 51. Nf5+ Ke6 52. h4 gxh4 53.
f4 c1=Q+ 54. Rxc1 exf4 55. Nxh4 Kf6 56. Rc5 Rh3 57. Rf5+ Ke6 58. Rxf4 Rxh4
1/2-1/2

[Event "85th Masters"]
[Site "Hastings ENG"]
[Date "2010.01.05"]
[Round "9"]
[White "Pickersgill, A."]
[Black "Martinsen, S."]
[Result "0-1"]
[WhiteElo "2014"]
[BlackElo "2240"]
[PlyCount "66"]
[EventDate "2009.12.28"]

1. e4 c5 2. c3 Nf6 3. e5 Nd5 4. d4 cxd4 5. Qxd4 e6 6. Nf3 Nc6 7. Qe4 Qc7 8.
Nbd2 f5 9. Qe2 Nf4 10. Qe3 Nd5 11. Qe2 Nf4 12. Qe3 Ng6 13. Nc4 b6 14. Bd3 Bc5
15. Qe2 O-O 16. O-O Ba6 17. Re1 b5 18. Nd6 Ncxe5 19. Nxb5 Nxf3+ 20. Qxf3 Qb6
21. Nd4 Bb7 22. Qe2 Bxd4 23. cxd4 Qxd4 24. Be3 Qh4 25. Qd2 Qg4 26. Bf1 Nf4 27.
Qxd7 Bxg2 28. Qxe6+ Kh8 29. f3 Bxf3+ 30. Kf2 Bb7 31. Qc4 Qf3+ 32. Kg1 Qh1+ 33.
Kf2 Qxh2+ 0-1

[Event "85th Masters"]
[Site "Hastings ENG"]
[Date "2010.01.05"]
[Round "9"]
[White "Nilsen, Jo"]
[Black "Rayner, F."]
[Result "1/2-1/2"]
[WhiteElo "2126"]
[BlackElo "2153"]
[PlyCount "44"]
[EventDate "2009.12.28"]

1. d4 Nf6 2. c4 c5 3. Nf3 cxd4 4. Nxd4 e5 5. Nb5 d5 6. cxd5 Bc5 7. e3 O-O 8.
N5c3 Bf5 9. Be2 Nbd7 10. Nd2 Bb4 11. Qb3 a5 12. Qd1 Nc5 13. O-O Bxc3 14. bxc3
Nxd5 15. Bb2 Nd3 16. Bxd3 Bxd3 17. Re1 Rc8 18. Rc1 Bg6 19. Qe2 Re8 20. Red1 Qc7
21. Qb5 Qc6 22. Qxc6 bxc6 1/2-1/2